000 00724nam a22002057a 4500
003 OSt
005 20220916152351.0
008 220916b |||||||| |||| 00| 0 eng d
020 _a85-7229-004-4
040 _cBiblioteca Lado V
082 _a708
_bM357m
100 _aMarques, Luis
245 _aMuseo de Arte de sao Paulo Assis Chateaubriand/
_bCorpus da arte Italiana em colecoes brasileiras Vol.1/
260 _aBrasil
_bMuseo de Arte de Sao Paolo
_c1996
300 _a143p.
_c20x28cm
650 _2Tesauro de Arte & Arquitectura
_aCOLECCION
650 _2Tesauro de Arte & Arquitectura
_aARTE ITALIANO
650 _2Tesauro de Arte & Arquitectura
_aARTE SACRO
942 _2ddc
_c1
_h708
_iM357m
_n0
999 _c2057
_d2057